|
|
|
|
| LEADER |
00000cam a2200000 7i4500 |
| 001 |
0000003179 |
| 005 |
20050309.0 |
| 020 |
0 |
0 |
|a 9830770974
|
| 090 |
0 |
0 |
|a 297.63
|b ISM
|
| 100 |
0 |
0 |
|a Al-Ismail, Tahia
|
| 245 |
0 |
0 |
|a Kehidupan Nabi Muhammad SAW
|c Tahia al-Ismail ; penterjemah Siti Sujinah Sarnap
|
| 260 |
0 |
0 |
|a Johor Bharu :
|b Perniagaan Jahabersa ,
|c 1996
|
| 300 |
|
|
|a 520ms. ;
|c 24cm.
|
| 500 |
0 |
0 |
|a Terjemahan dari: The life of Muhammad SAW
|
| 600 |
0 |
0 |
|a Muhammad, Prophet, d. 632
|x Biography
|
| 650 |
0 |
0 |
|a Muhammad, Prophet, d. 632
|x Companions
|
| 650 |
0 |
0 |
|a Muhammad, Prophet, d. 632
|x Family
|
| 700 |
1 |
1 |
|a Siti Sujinah Sarnap
|
| 999 |
|
|
|a 0000005947
|b Monograph
|c Open Shelf
|e Default branch
|